00492nam a2200145Ia 4500008004100000082001600041100001900057245004100076250000900117260003200126300000800158942001500166952015000181999001500331150731s2014 xx 000 0 und d a611bA 14 S aSINGH, VISHRAM aTB. OF ANATOMY : UPPER LIMP & THOROY a2 ND bELSEVIER- INDIA DELHIc2014 a330 2ddccBK07 00102ddc40708FAaAPLbAPLd2015-09-14eABC DELHIg595.00iSGTUl25o611 A 14 SpFA2485r2023-09-11 00:00:00s2023-09-08w2015-03-31yBKk5699 c7983d7983